Statystyki dla Top 50 zawodnikow z najwieksza liczba goli i asysyt w top 5 ligach

Kliknij tutaj aby rozwiązać quiz!

Ogólne statystyki

  • Ten quiz został rozwiązany 48 razy
  • Średni wynik to 13 z 50

Statystyki odpowiedzi

G+AZawodnicy% Poprawnych
34Mbappe
86%
44Haaland
82%
30Lewandowski
82%
32Messi
75%
33Kane
68%
19Vini
59%
23De bruyne
48%
24Neymar
48%
25Saka
45%
22Benzema
43%
27Martinez
41%
23Leao
36%
30Osimhen
36%
22Rashford
36%
31Griezmann
32%
22Kvara
30%
22Odegaard
27%
18Giroud
25%
18Joselu
25%
18Dybala
23%
20Martinelli
23%
22Musiala
23%
24Toney
23%
25Ben yedder
20%
26Kolo muani
20%
19Gnabry
18%
21Watkins
18%
28David
16%
21Fullkrug
16%
20Nkunku
16%
25Openda
16%
19Lookman
14%
19Maddison
14%
19Thuram
14%
32Lacazette
11%
23Wilson
9%
24Wahi
7%
23Balogun
5%
19Berardi
5%
20Trossard
5%
21Diallo
2%
18Gouiri
2%
20Grifo
2%
18Iglesias
2%
21Moffi
2%
18Muriqi
2%
18Becker
0%
18Ducksch
0%
21Hofmann
0%
18Laborde
0%

Rozkład punktacji

Percentyl według liczby udzielonych odpowiedzi

Procent ludzi z każdym wynikiem

Twoja historia wyników

Nie rozwiązałeś tego quizu